Nenne eine Großstadt A-Z - Statistiken

Allgemein
  • Dieses Quiz wurde 379 mal gespielt
  • Das Durchschnittsergebnis liegt bei 19 aus 21
Antwortstatistiken
Großstadt % Korrekt
B Bergisch Gladbach | Berlin | Bielefeld | Bochum | Bonn | Bottrop | Braunschweig | Bremen | Bremerhaven
100%
D Darmstadt | Dortmund | Dresden | Duisburg | Düsseldorf
99%
H Hagen | Halle (Saale) | Hamburg | Hamburg | Hamm | Hannover | Heidelberg | Heilbronn | Herne
99%
A Aachen | Augsburg
98%
E Erfurt | Erlangen | Essen
98%
F Frankfurt am Main | Freiburg im Breisgau | Fürth
98%
K Kaiserslautern | Karlsruhe | Kassel | Kiel | Koblenz | Köln | Krefeld
98%
M Magdeburg | Mainz | Mannheim | Moers | Mönchengladbach | Mülheim an der Ruhr | München | Münster
98%
S Saarbrücken | Salzgitter | Siegen | Solingen | Stuttgart
95%
N Neuss | Nürnberg
94%
L Leipzig | Leverkusen | Lübeck | Ludwigshafen am Rhein
92%
P Paderborn | Pforzheim | Potsdam
91%
R Recklinghausen | Regensburg | Remscheid | Reutlingen | Rostock
91%
W Wiesbaden | Wolfsburg | Wuppertal | Würzburg
91%
C Chemnitz
90%
J Jena
89%
O Oberhausen | Offenbach am Main | Oldenburg | Osnabrück
87%
G Gelsenkirchen | Göttingen
83%
I Ingolstadt
83%
U Ulm
81%
T Trier
67%
Keine übereinstimmenden Quizze gefunden
Verteilung der Resultate
Anzahl Personen mit jedem Resultat
Perzentil nach korrekt beantworteten Fragen
Ihre Resultats-Entwicklung
Sie haben dieses Quiz noch nicht gespielt